E-learning pre chovateľov kôz a oviec vyšetruje Brusel

Kontrola Európskeho úradu pre boj proti podvodom (OLAF) pre podozrenie, že došlo k zneužitiu európskych prostriedkov vo vzdelávaní. Nezrovnalosti vo financovaní národného projektu celoživotného vzdelávania. Zistené nedostatky viedli k návrhu na finančnú korekciu. Duplicitu, zbytočnosť aj premrštený...

Full description

Saved in:
Bibliographic Details
Main Author: Nejedlý, Tomáš
Format: Book Chapter
Language:Slovak
Subjects:
Tags: Add Tag
No Tags, Be the first to tag this record!

MARC

LEADER 00000naa a2200000 4500
001 0220602
005 20231113105253.9
041 0 |a slo 
044 |a SK 
245 1 0 |a E-learning pre chovateľov kôz a oviec vyšetruje Brusel  |c Tomáš Nejedlý 
520 |a Kontrola Európskeho úradu pre boj proti podvodom (OLAF) pre podozrenie, že došlo k zneužitiu európskych prostriedkov vo vzdelávaní. Nezrovnalosti vo financovaní národného projektu celoživotného vzdelávania. Zistené nedostatky viedli k návrhu na finančnú korekciu. Duplicitu, zbytočnosť aj premrštený rozpočet vyčítali projektu odborníci aj opozícia. 
610 2 0 |a vzdelávanie celoživotné 
610 2 0 |a vzdelávanie dospelých 
610 2 0 |a vzdelávanie elektronické 
610 2 0 |a kurzy 
610 2 0 |a zamestnanci 
610 2 0 |a financie 
610 2 0 |a financovanie 
610 2 0 |a fondy Európskej únie 
610 2 0 |a ministerstvá 
610 2 0 |a projekty 
610 2 0 |a školstvo 
610 2 0 |a kontrola 
610 2 0 |a Slovensko 
610 2 0 |a Európska únia 
100 1 |a Nejedlý, Tomáš